William Ellery Channing ; an intellectual portrait.

Bibliographic Details
Main Author: Edgell, David P.
Format: Book
Language:English
Published: Boston : Beacon Press, [1955]
Subjects:

MARC

Tag First Indicator Second Indicator Subfields
LEADER 00000cam a2200000 4500
001 in00000061392
005 20151007082727.0
008 730712s1955 eng u
010 |a  54010687  
035 |a (OCoLC)00654716 
035 |9 AAF8319AM 
040 |c KSU  |d TXA  |d UtOrBLW 
049 |a TXAM  |c [253959] 
050 0 0 |a BX9869.C4  |b E3 
092 |a 288  |b C4583e 
100 1 |a Edgell, David P. 
245 1 0 |a William Ellery Channing ;  |b an intellectual portrait. 
264 1 |a Boston :  |b Beacon Press,  |c [1955] 
300 |a 264 pages :  |b illustrations ;  |c 22 cm. 
336 |a text  |b txt  |2 rdacontent 
337 |a unmediated  |b n  |2 rdamedia 
338 |a volume  |b nc  |2 rdacarrier 
600 1 0 |a Channing, William Ellery,  |d 1780-1842. 
650 0 |a Unitarianism. 
999 |a MARS 
999 f f |s 9845dc98-246d-345b-bcc5-70ad8b001de5  |i d685a529-aa4a-3301-a0b6-1a5829678834  |t 0 
952 f f |p ric  |a Texas A&M University  |b Rellis Campus  |c Joint Library Facility  |d Remote Storage  |t 0  |e BX9869.C4 E3  |h Library of Congress classification  |i unmediated -- volume  |m A14800625598 
998 f f |a BX9869.C4 E3  |t 0  |l Remote Storage